| 000 | 02003cam a22004214a 4500 | ||
|---|---|---|---|
| 001 | 15350038 | ||
| 005 | 20100809142337.0 | ||
| 008 | 080627s2009 nyua bf 001 0 eng | ||
| 010 | _a 2008028899 | ||
| 016 | 7 |
_a101477637 _2DNLM |
|
| 020 | _a0071548637 | ||
| 020 | _a9780071548632 (pbk. : alk. paper) | ||
| 035 |
_a(OCoLC)233261148 _z(OCoLC)232314129 |
||
| 035 | _a(OCoLC)ocn233261148 | ||
| 040 |
_aDNLM/DLC _cDLC _dNLM _dYDXCP _dBAKER _dC#P _dCDX _dDLC |
||
| 042 | _apcc | ||
| 050 | 0 | 0 |
_aRM170 _b.S38 2009 |
| 082 | 0 | 0 |
_a615.6 _222 _bSCH |
| 100 | 1 |
_aSchull, Patricia Dwyer. _927233 |
|
| 245 | 1 | 0 |
_aMcgraw-Hill's I.V. Drug Handbook / _cPatricia Dwyer Schull. |
| 246 | 3 | 0 | _aI.V. drug handbook |
| 260 |
_aNew York : _bMcGraw-Hill Medical, 2009 _cc2009. |
||
| 300 |
_axvii, 734 p. : _bcol. ill. ; _c22 cm. |
||
| 504 | _aIncludes bibliographical references (p. 710-711) and index. | ||
| 650 | 0 |
_aIntravenous therapy _vHandbooks, manuals, etc. _927234 |
|
| 650 | 0 |
_aDrugs _xAdministration _vHandbooks, manuals, etc. _927235 |
|
| 650 | 0 |
_aNursing _vHandbooks, manuals, etc. _927236 |
|
| 650 | 1 | 2 |
_aPharmaceutical Preparations _xadministration & dosage _vHandbooks. _927237 |
| 650 | 2 | 2 |
_aInfusions, Intravenous _vHandbooks. _927238 |
| 650 | 2 | 2 |
_aInjections, Intravenous _vHandbooks. _927239 |
| 653 |
_bNUR _cSeptember2011 |
||
| 856 | 4 | 1 |
_3Table of contents only _uhttp://www.loc.gov/catdir/toc/ecip0822/2008028899.html |
| 856 | 4 | 2 |
_3Contributor biographical information _uhttp://www.loc.gov/catdir/enhancements/fy1011/2008028899-b.html |
| 856 | 4 | 2 |
_3Publisher description _uhttp://www.loc.gov/catdir/enhancements/fy1011/2008028899-d.html |
| 942 |
_2ddc _cBB |
||
| 999 |
_c16049 _d16049 |
||